[Event "Bad Woerishofen sen"]
[Site "?"]
[Date "2009.03.09"]
[Round "5"]
[White "Hoennekes, Klaus"]
[Black "Ziltener, Werner"]
[Result "1/2-1/2"]
[WhiteElo "2138"]
[BlackElo "2103"]
[PlyCount "52"]
[EventDate "2009.03.05"]

1. e4 d6 2. f4 Nf6 3. Nc3 c6 4. Nf3 Qa5 5. Be2 e5 6. O-O Bg4 7. h3 Bxf3 8. Bxf3
Nbd7 9. d3 exf4 10. Bxf4 Ne5 11. Rb1 Be7 12. Qe2 O-O 13. d4 Nxf3+ 14. Qxf3 Rad8
15. d5 cxd5 16. exd5 Rc8 17. Kh1 Qd8 18. Rbe1 a6 19. Re2 b5 20. Rfe1 Re8 21.
Bg5 Qd7 22. Nd1 h6 23. Bxf6 Bf8 24. c3 Rxe2 25. Rxe2 Re8 26. Nf2 Rxe2 1/2-1/2

[Event "Bad Woerishofen sen"]
[Site "?"]
[Date "2009.03.09"]
[Round "5"]
[White "Zakharenko, Arnold"]
[Black "Spurga, Josef"]
[Result "1-0"]
[WhiteElo "2292"]
[BlackElo "1996"]
[PlyCount "47"]
[EventDate "2009.03.05"]

1. Nf3 d5 2. c4 c6 3. e3 Nf6 4. Nc3 e6 5. Qc2 Nbd7 6. d4 a6 7. b3 Bd6 8. Bb2 b6
9. Be2 Bb7 10. O-O O-O 11. e4 dxe4 12. Nxe4 Nxe4 13. Qxe4 Re8 14. Rad1 Qe7 15.
Bd3 Nf8 16. Rfe1 Qf6 17. Bc1 h6 18. Ne5 Bxe5 19. dxe5 Qe7 20. Qg4 Kh8 21. Re3
c5 22. Rg3 f5 23. exf6 Qxf6 24. Bxh6 1-0

[Event "Bad Woerishofen sen"]
[Site "?"]
[Date "2009.03.09"]
[Round "5"]
[White "Gudat, Alfons"]
[Black "Kahler, Kurt"]
[Result "0-1"]
[WhiteElo "2055"]
[BlackElo "1903"]
[PlyCount "110"]
[EventDate "2009.03.05"]

1. Nf3 d5 2. d4 e6 3. c4 c6 4. e3 Bd6 5. Nc3 f5 6. Be2 Nf6 7. O-O O-O 8. Ne5
Nbd7 9. f4 Ne4 10. Nxe4 fxe4 11. b3 Qh4 12. Qe1 Qxe1 13. Rxe1 Nxe5 14. fxe5 Bb4
15. Rd1 Bd7 16. a3 Be7 17. Bd2 b6 18. b4 Rf5 19. Rf1 Raf8 20. Rxf5 Rxf5 21. Rc1
Rf8 22. a4 c5 23. bxc5 bxc5 24. dxc5 Bxa4 25. Bg4 dxc4 26. Bxe6+ Kh8 27. Bxc4
Bxc5 28. Bd5 Bb6 29. Bxe4 Re8 30. Bc6 Bxc6 31. Rxc6 Kg8 32. e6 Rd8 33. Bb4
Bxe3+ 34. Kf1 Bb6 35. Ke2 Re8 36. Kf3 g6 37. Ke4 Kg7 38. Bc3+ Kf8 39. Bb4+ Kg7
40. Ke5 Bd8 41. Kd5 Be7 42. Bc3+ Kf8 43. Ba5 Rb8 44. Bd2 Rd8+ 45. Kc4 Rxd2 46.
Rc8+ Rd8 47. Rc7 a5 48. Ra7 Rd6 49. Rxa5 Rxe6 50. Ra2 Bg5 51. Kd5 Kf7 52. g3
Bf6 53. g4 g5 54. Rf2 Re5+ 55. Kd6 Re4 0-1

[Event "Bad Woerishofen sen"]
[Site "?"]
[Date "2009.03.09"]
[Round "5"]
[White "Aigner, Georg"]
[Black "Mittermaier, Walter"]
[Result "0-1"]
[WhiteElo "2020"]
[BlackElo "2141"]
[PlyCount "80"]
[EventDate "2009.03.05"]

1. e4 e5 2. Nf3 Nc6 3. Bb5 Nf6 4. O-O Nxe4 5. d4 Nd6 6. Bxc6 bxc6 7. Nxe5 Be7
8. Nc3 O-O 9. Re1 f6 10. Nf3 Re8 11. Qd3 Rb8 12. b3 Nf7 13. Bd2 d5 14. Ne2 c5
15. Nf4 c6 16. Ne6 Bxe6 17. Rxe6 Qd7 18. Re2 cxd4 19. Qxd4 Bd6 20. Rae1 Rxe2
21. Rxe2 Be5 22. Nxe5 fxe5 23. Qe3 Re8 24. f4 e4 25. Bc3 Nh6 26. Qf2 Rf8 27.
Bd2 Nf5 28. g4 e3 29. Bxe3 Nxe3 30. Qxe3 Qxg4+ 31. Kh1 Qxf4 32. Qxf4 Rxf4 33.
Re6 Rf6 34. Re7 Rf2 35. Rxa7 Rxc2 36. a4 d4 37. Rd7 c5 38. a5 Ra2 39. b4 cxb4
40. a6 b3 0-1

[Event "Bad Woerishofen sen"]
[Site "?"]
[Date "2009.03.09"]
[Round "5"]
[White "Schurig, Wilhelm"]
[Black "Koenigl, Anton"]
[Result "1/2-1/2"]
[WhiteElo "2077"]
[BlackElo "1943"]
[PlyCount "98"]
[EventDate "2009.03.05"]

1. Nf3 d5 2. g3 Nf6 3. Bg2 g6 4. O-O Bg7 5. d3 O-O 6. Nbd2 Re8 7. e4 e5 8. Re1
c6 9. c3 Nbd7 10. b4 Qe7 11. a4 dxe4 12. dxe4 Nf8 13. Ba3 Qc7 14. Qc2 Bg4 15.
h3 Bxf3 16. Nxf3 Ne6 17. Bb2 Rad8 18. c4 Nh5 19. Rad1 c5 20. bxc5 Qxc5 21. Rd5
Rxd5 22. exd5 Nc7 23. Qc1 f6 24. Ba3 Qa5 25. d6 Ne6 26. Qd1 Rd8 27. Qb3 Nd4 28.
Qb4 Qxb4 29. Bxb4 Nc2 30. Rb1 Nxb4 31. Rxb4 b6 32. Nd2 Rxd6 33. Bd5+ Kh8 34. a5
f5 35. axb6 axb6 36. Ra4 Bf6 37. Ra8+ Rd8 38. Ra6 Rb8 39. Nb1 e4 40. Na3 Bd4
41. Nb5 Bc5 42. Kg2 Nf6 43. Be6 Rd8 44. Ra2 Ne8 45. Bd5 Bb4 46. Ra7 Nf6 47. Nc7
Ne8 48. Ne6 Rc8 49. Ng5 Nc7 1/2-1/2

[Event "Bad Woerishofen op"]
[Site "?"]
[Date "2009.03.10"]
[Round "6"]
[White "Edouard, Romain"]
[Black "Gutman, Lev"]
[Result "1-0"]
[WhiteElo "2562"]
[BlackElo "2493"]
[PlyCount "123"]
[EventDate "2009.03.05"]

1. e4 c5 2. Nf3 d6 3. d4 cxd4 4. Nxd4 Nf6 5. Nc3 a6 6. Be3 e5 7. Nb3 Be7 8. f3
Be6 9. Qd2 O-O 10. O-O-O a5 11. Bb5 Na6 12. Qe2 Qb8 13. g4 Rc8 14. g5 Nh5 15.
Kb1 a4 16. Nd2 a3 17. Nd5 Bxd5 18. exd5 axb2 19. Nc4 Bd8 20. f4 g6 21. fxe5
dxe5 22. d6 Nc5 23. Rhf1 Qa7 24. a3 Bb6 25. d7 Rf8 26. Rd6 Bc7 27. Rd5 b6 28.
Rfd1 Ne6 29. R5d2 Nhg7 30. c3 Nf5 31. Qf3 Bd8 32. h4 Nxh4 33. Qc6 Nf5 34. Bxb6
Bxb6 35. Qxb6 Qxb6 36. Nxb6 Rab8 37. Bc4 Rxb6 38. Bxe6 Rd8 39. Bxf5 gxf5 40.
Rxb2 Rc6 41. Kc2 f6 42. gxf6 Kf7 43. Rh1 Kg6 44. Rbb1 Rxf6 45. Rbg1+ Kf7 46.
Rxh7+ Ke6 47. Rgg7 Kd5 48. Re7 Rd6 49. a4 f4 50. a5 f3 51. Kd3 f2 52. Ke2 Kc6
53. Kxf2 Rd5 54. a6 Ra5 55. Ke3 Kc7 56. Rh6 Ra3 57. Ke4 Ra1 58. c4 Re1+ 59. Kd5
Rd1+ 60. Kc5 R1xd7 61. Rxd7+ Rxd7 62. Rh8 1-0

[Event "Bad Woerishofen op"]
[Site "?"]
[Date "2009.03.10"]
[Round "6"]
[White "Teske, Henrik"]
[Black "Epishin, Vladimir"]
[Result "1/2-1/2"]
[WhiteElo "2515"]
[BlackElo "2587"]
[PlyCount "50"]
[EventDate "2009.03.05"]

1. d4 Nf6 2. c4 e6 3. Nf3 b6 4. Bf4 Bb7 5. e3 d6 6. Nc3 Nbd7 7. Bd3 g6 8. O-O
Bg7 9. e4 O-O 10. Re1 h6 11. Qc1 g5 12. Be3 Ng4 13. Bd2 c5 14. d5 Nge5 15. Nxe5
Nxe5 16. Qc2 Qf6 17. Re3 Rae8 18. Rae1 Qd8 19. h3 exd5 20. Nxd5 Bxd5 21. exd5
Nxd3 22. Rxd3 Rxe1+ 23. Bxe1 Re8 24. Bc3 Bxc3 25. Qxc3 Re5 1/2-1/2

[Event "Bad Woerishofen op"]
[Site "?"]
[Date "2009.03.10"]
[Round "6"]
[White "Skembris, Spyridon"]
[Black "Iotov, Valentin"]
[Result "1/2-1/2"]
[WhiteElo "2413"]
[BlackElo "2556"]
[PlyCount "150"]
[EventDate "2009.03.05"]

1. d4 Nf6 2. c4 e6 3. Nf3 d5 4. g3 Bb4+ 5. Bd2 Be7 6. Bg2 O-O 7. O-O c6 8. Qc2
b6 9. Rd1 Bb7 10. Bf4 a5 11. Nc3 Na6 12. Ne5 Nd7 13. Nxd7 Qxd7 14. Na4 Bd8 15.
a3 b5 16. Nc5 Nxc5 17. dxc5 bxc4 18. Qxc4 Ba6 19. Qc2 Bc7 20. Bxc7 Qxc7 21. e4
a4 22. Rd4 Bb5 23. Rb4 Rfb8 24. Rc1 Bc4 25. exd5 exd5 26. Rxc4 dxc4 27. Qe2 Qd7
28. Rxc4 Re8 29. Qf1 Qd2 30. Be4 Re6 31. Qd3 Qxd3 32. Bxd3 g6 33. Bc2 Rb8 34.
Rb4 Rb5 35. Rxb5 cxb5 36. Bd3 Rc6 37. Bxb5 Rxc5 38. Bxa4 Rc1+ 39. Kg2 Rb1 40.
b4 Ra1 41. Bc6 Rxa3 42. h4 Rb3 43. b5 Kg7 44. Kf1 Kf6 45. Kg2 Ke5 46. Be8 f6
47. Bc6 Kd4 48. Be8 Kd3 49. Bc6 Ke2 50. g4 g5 51. hxg5 fxg5 52. f3 h6 53. Kg1
Rb2 54. Kg2 Rb1 55. Bd5 Kd2 56. Bc6 Ke3 57. Be8 Rb2+ 58. Kg3 Kd4 59. Bc6 Kc4
60. Kh3 Kb4 61. Kg3 Ka3 62. Bd7 Rc2 63. Bc6 Rb2 64. Bd7 Kb4 65. Bc6 Kc5 66. Kh3
Kd4 67. Kg3 Ke3 68. Be8 Ke2 69. Kg2 Ke1+ 70. Kg1 Rb4 71. Kg2 Ke2 72. Bc6 Ke3
73. Kg3 Rb1 74. Kg2 Rc1 75. Be4 Rc4 1/2-1/2

[Event "Bad Woerishofen op"]
[Site "?"]
[Date "2009.03.10"]
[Round "6"]
[White "Racherbaeumer, Marcel"]
[Black "Karpatchev, Alexandr"]
[Result "1-0"]
[WhiteElo "2303"]
[BlackElo "2504"]
[PlyCount "119"]
[EventDate "2009.03.05"]

1. e4 e5 2. Nf3 Nc6 3. Bb5 a6 4. Ba4 Nf6 5. O-O Be7 6. Re1 b5 7. Bb3 d6 8. c3
O-O 9. h3 Na5 10. Bc2 c5 11. d4 Qc7 12. Be3 Nc4 13. Bc1 Bd7 14. b3 Nb6 15. Be3
Rac8 16. d5 Ne8 17. Nbd2 f5 18. exf5 Nxd5 19. Ne4 Nxe3 20. Rxe3 Bxf5 21. c4 h6
22. Nc3 Bxc2 23. Qxc2 Qb7 24. Nd5 Nf6 25. Rd1 Nxd5 26. Rxd5 Rf4 27. g3 Rf7 28.
Nd2 Qd7 29. Kg2 Rcf8 30. Ne4 Qf5 31. Qe2 h5 32. Rdd3 Qe6 33. Rd5 Qg6 34. f3 Rb8
35. Red3 h4 36. g4 Rb6 37. Qd2 bxc4 38. bxc4 Rf8 39. Nxd6 Bg5 40. Qe2 Rfb8 41.
Rb3 Rxb3 42. axb3 Rxb3 43. Ne4 Bc1 44. Qd1 Rb2+ 45. Kh1 Rb1 46. Rd8+ Kh7 47.
Rd6 Qf7 48. Ng5+ Bxg5 49. Qxb1+ g6 50. Qd3 e4 51. Qxe4 a5 52. Rb6 Kh6 53. Ra6
Qg7 54. Qc2 Qf7 55. Kg2 Be3 56. Qe4 Bg5 57. Rxa5 Qc7 58. Qe1 Qd6 59. Ra2 Qf4
60. Rc2 1-0

[Event "Bad Woerishofen op"]
[Site "?"]
[Date "2009.03.10"]
[Round "6"]
[White "Schneider, Ilja"]
[Black "Bronznik, Valerij"]
[Result "1/2-1/2"]
[WhiteElo "2496"]
[BlackElo "2340"]
[PlyCount "99"]
[EventDate "2009.03.05"]

1. e4 c5 2. Nf3 Nc6 3. d4 cxd4 4. Nxd4 Nf6 5. Nc3 e5 6. Ndb5 d6 7. Bg5 a6 8.
Na3 b5 9. Bxf6 gxf6 10. Nd5 Bg7 11. c3 f5 12. exf5 Bxf5 13. Nc2 O-O 14. Nce3
Be6 15. Bd3 f5 16. O-O Kh8 17. Qh5 e4 18. Bc2 Ne7 19. Rad1 Rc8 20. f3 Nxd5 21.
Nxd5 Bxd5 22. Rxd5 Qb6+ 23. Kh1 Qe3 24. Rfd1 b4 25. Rxd6 bxc3 26. Rd7 Qh6 27.
Qxh6 Bxh6 28. bxc3 Rxc3 29. Bb3 Rc1 30. Rxc1 Bxc1 31. Kg1 exf3 32. gxf3 Bf4 33.
Kg2 Rf6 34. h3 Rd6 35. Rf7 Rg6+ 36. Kf1 Rg3 37. Rxf5 Rxf3+ 38. Kg2 Rg3+ 39. Kf2
Bd6 40. h4 Rg4 41. Rd5 Rg6 42. h5 Rf6+ 43. Ke3 Kg7 44. Bc4 Kf8 45. Bd3 h6 46.
Kd4 Rf4+ 47. Kc3 Bb4+ 48. Kb3 a5 49. a3 Bd2 50. Rf5+ 1/2-1/2

[Event "Bad Woerishofen op"]
[Site "?"]
[Date "2009.03.10"]
[Round "6"]
[White "Farago, Ivan"]
[Black "Loew, Gerald"]
[Result "1/2-1/2"]
[WhiteElo "2482"]
[BlackElo "2299"]
[PlyCount "94"]
[EventDate "2009.03.05"]

1. d4 Nf6 2. c4 g6 3. Nc3 d5 4. Nf3 Bg7 5. Qb3 dxc4 6. Qxc4 O-O 7. e4 Nc6 8.
Be2 Nd7 9. d5 Nb6 10. Qb3 Nb8 11. O-O c6 12. Rd1 cxd5 13. exd5 Bg4 14. Be3 N8d7
15. h3 Bxf3 16. Bxf3 Rc8 17. d6 Nc5 18. dxe7 Qxe7 19. Qb4 Rfe8 20. Nb5 a5 21.
Bxc5 axb4 22. Bxe7 Rxe7 23. Bxb7 Rxb7 24. Nd6 Rbc7 25. Nxc8 Rxc8 26. Rab1 Na4
27. Rd2 h5 28. Kf1 Kf8 29. Re2 Nxb2 30. Rexb2 Bxb2 31. Rxb2 Ra8 32. Ke2 Ra3 33.
Kd1 Ke7 34. Kc1 Kd6 35. Rd2+ Kc5 36. Kb2 Ra7 37. h4 f5 38. Rc2+ Kb5 39. Re2 Ra6
40. Re3 Kc4 41. Re8 Rd6 42. Kc2 Ra6 43. Rc8+ Kb5 44. Kb2 Rd6 45. Rg8 Kc4 46.
Kc2 Ra6 47. Rc8+ Kb5 1/2-1/2

[Event "Bad Woerishofen op"]
[Site "?"]
[Date "2009.03.10"]
[Round "6"]
[White "Rahls, Peter"]
[Black "Bogner, Sebastian"]
[Result "0-1"]
[WhiteElo "2263"]
[BlackElo "2467"]
[PlyCount "118"]
[EventDate "2009.03.05"]

1. e4 c5 2. c3 d5 3. exd5 Qxd5 4. d4 Nc6 5. Nf3 Bg4 6. Be2 cxd4 7. cxd4 e6 8.
h3 Bb4+ 9. Nc3 Bxf3 10. Bxf3 Qc4 11. Be3 Bxc3+ 12. bxc3 Qxc3+ 13. Ke2 Nge7 14.
Qc1 Nd5 15. Qxc3 Nxc3+ 16. Kd3 Nd5 17. Rhc1 Kd7 18. Rab1 b6 19. Bxd5 exd5 20.
Rb5 Ne7 21. a4 Rhc8 22. Rcb1 Rc6 23. a5 Kc7 24. Bd2 Rd8 25. Re1 Rd7 26. Bb4 Ng6
27. g3 Rf6 28. axb6+ axb6 29. Rc1+ Kb7 30. Be1 Ne7 31. f4 Rh6 32. Rcb1 Nc8 33.
h4 f5 34. Bd2 Rg6 35. Be1 Kc6 36. R5b2 Ra7 37. Rc2+ Kd7 38. Ke2 Rc6 39. Rcb2
Rc4 40. Bf2 Kc6 41. h5 Rb7 42. g4 fxg4 43. Rg1 Re7+ 44. Kd3 Nd6 45. Rxg4 Ne4
46. Be1 Nf6 47. Rg1 Nxh5 48. Bd2 Re4 49. Rgb1 Rcxd4+ 50. Kc3 Rc4+ 51. Kd3 Nxf4+
52. Bxf4 Rxf4 53. Rxb6+ Kd7 54. Ra1 Rfd4+ 55. Ke3 Re4+ 56. Kd3 Rc7 57. Raa6 Ke7
58. Rd6 Re5 59. Kd4 Rf5 0-1

[Event "Bad Woerishofen op"]
[Site "?"]
[Date "2009.03.10"]
[Round "6"]
[White "Berchtenbreiter, Max"]
[Black "Pirrot, Dieter"]
[Result "1/2-1/2"]
[WhiteElo "2142"]
[BlackElo "2441"]
[PlyCount "49"]
[EventDate "2009.03.05"]

1. c4 f5 2. Nf3 Nf6 3. g3 g6 4. Bg2 Bg7 5. O-O d6 6. d4 O-O 7. Nc3 c6 8. Qc2
Na6 9. a3 Qe8 10. b4 e5 11. b5 exd4 12. Nxd4 Ne4 13. Nxe4 fxe4 14. bxa6 Bxd4
15. axb7 Bxb7 16. Rb1 Ba6 17. e3 Bg7 18. Bxe4 Qf7 19. Bxc6 Rac8 20. Qe4 Bxc4
21. Rb7 d5 22. Qh1 Qf5 23. Bd7 Qd3 24. Re1 Rcd8 25. Be6+ 1/2-1/2

[Event "Bad Woerishofen op"]
[Site "?"]
[Date "2009.03.10"]
[Round "6"]
[White "Dittmar, Peter"]
[Black "Hess, Christian Mathi"]
[Result "1/2-1/2"]
[WhiteElo "2382"]
[BlackElo "2222"]
[PlyCount "105"]
[EventDate "2009.03.05"]

1. b3 c5 2. Bb2 Nc6 3. Nf3 d6 4. d4 cxd4 5. Nxd4 Nf6 6. g3 Qa5+ 7. Qd2 Qd5 8.
Nf3 Qxd2+ 9. Nbxd2 Nb4 10. Nd4 g6 11. Nb5 Nxc2+ 12. Kd1 Nxa1 13. Nc7+ Kd8 14.
Nxa8 Bd7 15. Bxa1 Bc6 16. f3 Kc8 17. Nc4 Bg7 18. Bh3+ Kb8 19. Nab6 axb6 20.
Nxb6 Kc7 21. Bd4 e5 22. Be3 d5 23. Bc5 Bf8 24. Bf2 Bh6 25. Kc2 d4 26. Nc4 Re8
27. a4 Nd5 28. Re1 f6 29. Bg2 Ra8 30. Kb2 Nb4 31. Ra1 Bg7 32. Be1 Bf8 33. Bd2
Re8 34. Rc1 Kb8 35. Rd1 g5 36. e4 Nd3+ 37. Kc2 Nc5 38. Bh3 h5 39. Na5 Bd7 40.
Bxd7 Nxd7 41. Nc4 Rc8 42. a5 Ka7 43. Ra1 Ka6 44. Kb2 Nc5 45. Nb6 Nd3+ 46. Kb1
Rc6 47. Nd5 g4 48. fxg4 hxg4 49. Ra2 Nf2 50. Bb4 Nd3 51. Bd2 Nf2 52. Bb4 Nd3
53. Bd2 1/2-1/2

[Event "Bad Woerishofen op"]
[Site "?"]
[Date "2009.03.10"]
[Round "6"]
[White "Schulze, Ulrich"]
[Black "Wittfoth, Kai-Uve"]
[Result "1-0"]
[WhiteElo "2316"]
[BlackElo "2156"]
[PlyCount "41"]
[EventDate "2009.03.05"]

1. d4 d5 2. Nf3 e6 3. g3 c5 4. Bg2 Nc6 5. O-O Bd7 6. c4 Nf6 7. cxd5 Nxd5 8. e4
Nb6 9. d5 Ne7 10. Nc3 f6 11. Nh4 Kf7 12. f4 a6 13. Be3 Qc8 14. Qb3 Qc7 15. f5
exd5 16. exd5 Ke8 17. Bf4 Qd8 18. d6 c4 19. dxe7 Bxe7 20. Qd1 Bc5+ 21. Kh1 1-0

[Event "Bad Woerishofen op"]
[Site "?"]
[Date "2009.03.10"]
[Round "6"]
[White "Andersen, Jens Knud"]
[Black "Trabert, Bettina"]
[Result "1/2-1/2"]
[WhiteElo "2186"]
[BlackElo "2306"]
[PlyCount "25"]
[EventDate "2009.03.05"]

1. d4 d5 2. c4 e6 3. Nf3 c6 4. e3 Nf6 5. b3 b6 6. Bd3 Bb7 7. O-O Nbd7 8. Bb2
Bd6 9. Nbd2 O-O 10. Ne5 c5 11. f4 Qc7 12. Qc2 h6 13. Rae1 1/2-1/2

[Event "Bad Woerishofen op"]
[Site "?"]
[Date "2009.03.10"]
[Round "6"]
[White "Luett, Michael"]
[Black "Bjarnason, Oskar"]
[Result "0-1"]
[WhiteElo "2097"]
[BlackElo "2232"]
[PlyCount "32"]
[EventDate "2009.03.05"]

1. d4 f5 2. c4 Nf6 3. Nc3 d6 4. Nf3 g6 5. Bg5 Nbd7 6. d5 Bg7 7. h4 h6 8. Bxf6
Nxf6 9. e3 O-O 10. Bd3 e5 11. dxe6 Bxe6 12. Nd4 Bf7 13. Qc2 c5 14. Nde2 d5 15.
cxd5 Nxd5 16. h5 Nb4 0-1

[Event "Bad Woerishofen op"]
[Site "?"]
[Date "2009.03.10"]
[Round "6"]
[White "Kugelmann, Werner"]
[Black "Deues, Erik"]
[Result "1/2-1/2"]
[WhiteElo "2203"]
[BlackElo "2096"]
[PlyCount "86"]
[EventDate "2009.03.05"]

1. Nf3 c5 2. g3 g6 3. Bg2 Bg7 4. O-O Nc6 5. d3 d5 6. Nbd2 Nf6 7. e4 dxe4 8.
dxe4 O-O 9. c3 h6 10. Re1 Be6 11. Qc2 Rc8 12. Nf1 Qb6 13. h3 Rfd8 14. Qe2 Na5
15. N3d2 Nd7 16. Ne3 Ne5 17. Nd5 Bxd5 18. exd5 c4 19. Be4 e6 20. dxe6 Qxe6 21.
Kg2 Qa6 22. b4 Nd3 23. Bxd3 cxd3 24. Qf3 Bxc3 25. Rb1 Nc4 26. Re7 Qf6 27. Qxf6
Bxf6 28. Rxb7 Nxd2 29. Bxd2 Rc2 30. Rd1 Rxa2 31. Bxh6 Bd4 32. Bd2 Rd6 33. Kf3
Rf6+ 34. Ke4 Bxf2 35. Bc3 Re6+ 36. Kf3 Re3+ 37. Kf4 g5+ 38. Kxg5 Rxg3+ 39. Kf4
Re3 40. Rb8+ Kh7 41. Rh8+ Kg6 42. Rg8+ Kh7 43. Rh8+ Kg6 1/2-1/2

[Event "Bad Woerishofen op"]
[Site "?"]
[Date "2009.03.10"]
[Round "6"]
[White "Schaefer, Michael"]
[Black "Fiedler, Wolfgang"]
[Result "1-0"]
[WhiteElo "2183"]
[BlackElo "2068"]
[PlyCount "47"]
[EventDate "2009.03.05"]

1. d4 d5 2. c4 c6 3. Nc3 f5 4. Nf3 Nf6 5. Bf4 e6 6. e3 Nbd7 7. Qc2 Ne4 8. Bd3
Be7 9. h3 Nxc3 10. bxc3 g6 11. g4 Nb6 12. c5 Nd7 13. gxf5 exf5 14. h4 Nf6 15.
h5 Nxh5 16. Rxh5 gxh5 17. Bxf5 Bf6 18. Bxh7 Be6 19. Bg6+ Kd7 20. Rb1 b5 21. c4
Qa5+ 22. Kf1 dxc4 23. Qe4 Qd8 24. Rxb5 1-0

[Event "Bad Woerishofen op"]
[Site "?"]
[Date "2009.03.10"]
[Round "6"]
[White "Willin, Bernhard"]
[Black "Maassen, Hermann"]
[Result "1-0"]
[WhiteElo "2001"]
[BlackElo "1870"]
[PlyCount "53"]
[EventDate "2009.03.05"]

1. d4 d5 2. c4 Nf6 3. Bg5 e6 4. Nf3 c6 5. e3 Bb4+ 6. Nc3 Qa5 7. Bxf6 Bxc3+ 8.
bxc3 Qxc3+ 9. Nd2 gxf6 10. cxd5 exd5 11. Rb1 Qa5 12. Rb2 Na6 13. Qb1 Rb8 14.
Be2 b5 15. O-O Bd7 16. Rc1 h5 17. e4 Nc7 18. Nb3 Qa6 19. Nc5 Qc8 20. exd5 cxd5
21. Qd3 Bf5 22. Qa3 Bg4 23. h3 Rg8 24. hxg4 hxg4 25. g3 Rh8 26. Qe3+ Kf8 27.
Qf4 1-0

[Event "Bad Woerishofen op"]
[Site "?"]
[Date "2009.03.10"]
[Round "6"]
[White "Mueller, Wolfgang"]
[Black "Duckstein, Torsten"]
[Result "1-0"]
[WhiteElo "1905"]
[BlackElo "1960"]
[PlyCount "77"]
[EventDate "2009.03.05"]

1. e4 e6 2. d4 d5 3. Nc3 Nc6 4. Nf3 Nf6 5. Bg5 Be7 6. Bd3 dxe4 7. Nxe4 Nxe4 8.
Bxe7 Qxe7 9. Bxe4 Qb4+ 10. Qd2 Qxd2+ 11. Kxd2 Bd7 12. c4 O-O-O 13. Kc3 h6 14.
h4 Ne7 15. b4 Bc6 16. Bxc6 Nxc6 17. b5 Nb8 18. Ne5 Rhf8 19. Rhe1 Nd7 20. Nd3
Nf6 21. Rad1 Rd6 22. a4 Rfd8 23. Ne5 Rf8 24. g4 Nd7 25. f4 Nxe5 26. fxe5 Rd7
27. g5 h5 28. c5 Kd8 29. a5 Ke7 30. Re2 g6 31. Rf2 Rd5 32. Rdf1 b6 33. axb6
cxb6 34. Ra2 bxc5 35. Rxa7+ Ke8 36. dxc5 Rxc5+ 37. Kd4 Rd5+ 38. Kc4 Rd7 39.
Raa1 1-0

[Event "Bad Woerishofen op"]
[Site "?"]
[Date "2009.03.10"]
[Round "6"]
[White "Gauss, Gustav"]
[Black "Gurack, Daniel"]
[Result "1-0"]
[WhiteElo "2032"]
[BlackElo "2164"]
[PlyCount "71"]
[EventDate "2009.03.05"]

1. d4 e6 2. e4 d5 3. Nc3 Bb4 4. exd5 exd5 5. Qf3 Nf6 6. Bg5 Qe7+ 7. Nge2 Bxc3+
8. Qxc3 h6 9. Bxf6 Qxf6 10. Qxc7 Nc6 11. Qf4 Qg6 12. Qe3+ Qe6 13. Qxe6+ fxe6
14. c3 O-O 15. f3 Bd7 16. Ng3 Rac8 17. Bb5 e5 18. Bxc6 bxc6 19. dxe5 Rce8 20.
Kf2 Rxe5 21. Rhe1 Rxe1 22. Rxe1 Kf7 23. Re2 Rb8 24. Ke3 a5 25. Kd4 a4 26. Kc5
a3 27. b4 Be6 28. Kd6 d4 29. Rxe6 dxc3 30. Re3 Rd8+ 31. Kc5 Rd2 32. Rxc3 Rxa2
33. Kxc6 Ra1 34. Kb5 a2 35. Rc2 Ke6 36. Ne4 1-0

[Event "Bad Woerishofen op"]
[Site "?"]
[Date "2009.03.10"]
[Round "6"]
[White "Santl, Anton"]
[Black "Gerhards, Walter"]
[Result "1-0"]
[WhiteElo "2149"]
[BlackElo "1953"]
[PlyCount "63"]
[EventDate "2009.03.05"]

1. Nf3 d5 2. c4 c6 3. e3 Nf6 4. Qc2 Nbd7 5. d4 e6 6. Bd3 Bd6 7. O-O O-O 8. Nc3
dxc4 9. Bxc4 e5 10. Rd1 exd4 11. Rxd4 Qc7 12. Rh4 Ne5 13. Nxe5 Bxe5 14. Bd3 g6
15. f4 Bd6 16. Bd2 Re8 17. Re1 Bd7 18. f5 Re7 19. e4 Bc5+ 20. Kf1 gxf5 21. Bg5
Qe5 22. Bf4 Qe6 23. Re3 fxe4 24. Rg3+ Kh8 25. Bh6 Rg8 26. Nxe4 Rxg3 27. hxg3
Bb6 28. Qc3 Bc7 29. Qxf6+ Qxf6+ 30. Nxf6 Bxg3 31. Re4 Rxe4 32. Bxe4 1-0

[Event "Bad Woerishofen op"]
[Site "?"]
[Date "2009.03.10"]
[Round "6"]
[White "von Saldern, Ruediger"]
[Black "Kozlov, Alexander"]
[Result "1/2-1/2"]
[WhiteElo "2050"]
[BlackElo "2196"]
[PlyCount "114"]
[EventDate "2009.03.05"]

1. d4 Nf6 2. Nf3 d6 3. Bg5 Nbd7 4. e3 h6 5. Bh4 c6 6. Be2 Qc7 7. O-O e5 8. c4
Be7 9. Nc3 O-O 10. Qc2 Re8 11. Rac1 b6 12. b4 a6 13. Rfd1 Bb7 14. Qb3 c5 15. d5
cxb4 16. Qxb4 Nc5 17. Na4 Nfd7 18. Bxe7 Rxe7 19. Nxc5 Qxc5 20. Rb1 Qxb4 21.
Rxb4 a5 22. Rb2 Ba6 23. Kf1 Ree8 24. Ke1 Rec8 25. Nd2 f5 26. Rdb1 Kf7 27. f4
exf4 28. exf4 Re8 29. Kf2 Rac8 30. Rxb6 Nxb6 31. Rxb6 Rxe2+ 32. Kxe2 Bxc4+ 33.
Nxc4 Rxc4 34. Rxd6 Rc2+ 35. Kf3 Rxa2 36. Ra6 a4 37. h4 a3 38. Kg3 Ra1 39. Kh2
a2 40. h5 Rf1 41. Rxa2 Rxf4 42. Ra7+ Kf6 43. Ra6+ Ke5 44. Kh3 Rg4 45. d6 Ke6
46. g3 Rd4 47. Ra7 Kf6 48. Ra6 Kg5 49. Ra7 Rxd6 50. Rxg7+ Kxh5 51. Rg8 Rd3 52.
Kg2 Rd4 53. Kh3 Rd3 54. Kg2 Rd6 55. Kh3 Rg6 56. Ra8 Kg5 57. Rb8 Rg7 1/2-1/2

[Event "Bad Woerishofen op"]
[Site "?"]
[Date "2009.03.10"]
[Round "6"]
[White "Herbold, Manfred"]
[Black "Erler, Mark"]
[Result "1-0"]
[WhiteElo "2151"]
[BlackElo "2015"]
[PlyCount "71"]
[EventDate "2009.03.05"]

1. e4 c5 2. Nf3 e6 3. b4 cxb4 4. a3 d5 5. exd5 Qxd5 6. axb4 Bxb4 7. Na3 Nf6 8.
Nb5 Qd8 9. Bb2 Nc6 10. c3 Be7 11. d4 O-O 12. Bd3 a6 13. c4 Kh8 14. O-O Rb8 15.
Na3 b6 16. Nc2 Bb7 17. Ne5 Qc7 18. Qe2 Rbd8 19. f4 Nxe5 20. fxe5 Ne8 21. Qh5 g6
22. Qh6 Ng7 23. Ne3 Qc6 24. Rf3 f5 25. exf6 Rxf6 26. d5 exd5 27. Rh3 Kg8 28.
Qxh7+ Kf8 29. cxd5 Qd6 30. Rf3 Nf5 31. Bxf5 Bxd5 32. Nxd5 Qxd5 33. Qh6+ Kg8 34.
Bxf6 Bc5+ 35. Re3 Bxe3+ 36. Qxe3 1-0

[Event "Bad Woerishofen op"]
[Site "?"]
[Date "2009.03.10"]
[Round "6"]
[White "Thieme, Wolfgang"]
[Black "Psaila, Clarence"]
[Result "0-1"]
[WhiteElo "1957"]
[BlackElo "1729"]
[PlyCount "76"]
[EventDate "2009.03.05"]

1. e4 c5 2. d4 cxd4 3. c3 d3 4. Bxd3 Nc6 5. Nf3 e6 6. O-O Nf6 7. c4 d6 8. Bg5
h6 9. Bh4 Be7 10. Nc3 O-O 11. a3 Nxe4 12. Nxe4 Bxh4 13. Nxd6 Bf6 14. Bc2 Bxb2
15. Qd3 g6 16. Rad1 Ne5 17. Qe3 Nxf3+ 18. Qxf3 Qf6 19. Qe3 Qc3 20. Bd3 Kh7 21.
Ne4 Qe5 22. Bc2 b6 23. f4 Qh8 24. Rf3 Qg7 25. h4 Bb7 26. h5 Rad8 27. Kh2 Rxd1
28. Bxd1 f5 29. hxg6+ Kh8 30. Nd6 Bxf3 31. Bxf3 Qxg6 32. Qe2 Bxa3 33. Qe5+ Qf6
34. Nb5 Qxe5 35. fxe5 Bb2 36. Nxa7 Bxe5+ 37. Kh3 Bd4 38. Nc6 e5 0-1

[Event "Bad Woerishofen op"]
[Site "?"]
[Date "2009.03.10"]
[Round "6"]
[White "Sickinger, Wolfgang"]
[Black "Gradl, Winfried"]
[Result "0-1"]
[WhiteElo "1868"]
[BlackElo "2044"]
[PlyCount "76"]
[EventDate "2009.03.05"]

1. d4 d5 2. c4 c6 3. Nf3 Nf6 4. Nc3 dxc4 5. a4 Na6 6. e3 Bg4 7. Bxc4 e6 8. O-O
Nb4 9. Re1 Be7 10. h3 Bh5 11. Be2 O-O 12. Ne5 Bxe2 13. Qxe2 c5 14. Rd1 cxd4 15.
Rxd4 Qc7 16. Nd3 Nc6 17. Rc4 Qb6 18. Bd2 Na5 19. Rf4 Nb3 20. Rd1 Rfd8 21. Be1
Rd7 22. Ne5 Rxd1 23. Qxd1 Rd8 24. Qc2 Na5 25. Nc4 Qb3 26. Qxb3 Nxb3 27. Kf1 g5
28. Rf3 Kg7 29. g4 a6 30. Ke2 Nc1+ 31. Kf1 Nb3 32. Ke2 Nc1+ 33. Kf1 Rc8 34. Nd2
Nd3 35. Nd1 Rc1 36. e4 Ne5 37. Rc3 Rxd1 38. Ke2 Ra1 0-1

[Event "Bad Woerishofen op"]
[Site "?"]
[Date "2009.03.10"]
[Round "6"]
[White "Hempel, Olaf"]
[Black "Glas, Stefan"]
[Result "0-1"]
[WhiteElo "2115"]
[BlackElo "1983"]
[PlyCount "64"]
[EventDate "2009.03.05"]

1. c4 e6 2. Nf3 d5 3. g3 Nf6 4. Bg2 Be7 5. O-O O-O 6. d4 c6 7. b3 Nbd7 8. Bb2
Rb8 9. Nbd2 b5 10. Ne5 Nxe5 11. dxe5 Nd7 12. cxd5 cxd5 13. e4 Nb6 14. exd5 Nxd5
15. Ne4 Bb7 16. Qg4 Kh8 17. Rfd1 Qa5 18. Qh5 b4 19. Nd6 Bxd6 20. exd6 Qb6 21.
Qe5 Nf6 22. Bxb7 Rxb7 23. Rac1 Rd7 24. Rc4 Rfd8 25. Rg4 Qxf2+ 26. Kxf2 Nxg4+
27. Ke2 Nxe5 28. Bxe5 f6 29. Bf4 e5 30. Be3 Rxd6 31. Rxd6 Rxd6 32. Bxa7 Rc6 0-1